00383nam a2200121Ia 4500008004100000245002600041245001700067260000900084650001100093856006500104999001900169952007300188171211s9999 xx 000 0 und d aHow to Dominate Women cGary Brodsky c2010 xTRAVEL uhttp://down.ebook777.com/016/How%20to%20Dominate%20Women.pdf c347720d347720 001040aCLbCLd2017-12-11l0r2017-12-11 00:00:00w2017-12-11yCBE